000 00564nam a2200181 4500
001 121977
003 ES-MaACL
005 20250713091417.0
007 t|
008 070214s1973 sp r ||||1| spa d
100 1 _aPoe, Edgar Allan,
_d1809-1849
_9188384
245 1 0 _aEnsayos y críticas /
_cEdgar Allan Poe ; traducción, introducción y notas de Julio Cortázar.
260 _aMadrid :
_bAlianza,
_c1973.
300 _a317 p. ;
_c18 cm.
700 1 _aCortázar, Julio.
_940823
852 _aES-MaACL
_jC-54432
_bR.87216
999 _c121977
_d121977